[Event "FIDE Chesscom Grand Swiss 2021"]
[Site "Riga"]
[Date "2021.11.04"]
[Round "8.26"]
[White "Kollars, Dmitrij"]
[Black "Swiercz, Dariusz"]
[Result "1/2-1/2"]
[WhiteElo "2621"]
[BlackElo "2647"]
[Annotator "TA"]
[PlyCount "102"]
[EventDate "2021.10.27"]
[EventType "swiss"]
[EventCountry "LAT"]
[Tiebreak "Cut1 Buchholz+Sonneborn-Berger (Swiss)"]
[SourceTitle "playchess.com"]
[Source "ChessBase"]
[SourceQuality "1"]

{[%evp 15,102,34,31,24,30,29,45,32,38,52,57,20,20,0,0,0,0,-33,-16,-16,-11,-31,
-16,-3,0,0,0,0,0,-8,0,-11,0,0,0,-37,-7,-41,-33,-50,-37,-42,-42,-59,-54,-86,-37,
-63,-23,-22,0,0,0,0,0,0,0,0,0,-21,-28,-42,-25,-55,-34,-38,-26,-43,-33,-31,-31,
-60,-45,-51,-44,-46,-38,-50,-39,-43,0,0,0,-8,0,0,0,-16,0]} 1. e4 e5 2. Nf3 Nc6
3. Bb5 a6 4. Ba4 Nf6 5. O-O d6 6. Re1 Bd7 7. c3 g6 $1 {[%mdl 4] is currently
scoring better than 7...Be7.} 8. d4 Bg7 9. h3 {C79: Ruy Lopez: Steinitz-type
lines with 3...a6 4 Ba4 Nf6 5 0-0 d6.} O-O 10. Bc2 Nh5 11. Be3 {White is
slightly better.} Qe8 12. Nbd2 Kh8 13. Nf1 f5 14. exf5 gxf5 15. dxe5 dxe5 16.
Bc5 {[#]} Rf6 $146 ({Predecessor:} 16... Rg8 17. Bb3 Be6 18. Bxe6 Qxe6 19. Nd4
Nxd4 20. cxd4 Nf4 21. Qf3 Nxg2 22. Kxg2 e4 {0-1 (28) Hou,Y (2658)-Lagno,K 
(2546) Chess.com INT 2020}) 17. Ng3 Nxg3 18. fxg3 e4 19. Nd2 b6 20. Be3 Ne5 21.
a4 a5 22. Qe2 Rf8 23. Rf1 Qe7 24. Rae1 Rae8 25. Kh2 Bc6 26. Qh5 Qf7 27. Qxf7
Rxf7 28. Bd4 {[%cal Rc2e4]} Rff8 29. b3 Bd5 30. Be3 Be6 31. c4 Rd8 32. Bg5 Rd4
33. g4 Nd3 34. Re2 h6 35. Be3 Rdd8 36. gxf5 Bxf5 37. Kg1 Bg6 38. Rxf8+ Rxf8 39.
c5 bxc5 40. Nc4 Bd4 41. Bxd4+ cxd4 42. Bxd3 exd3 $11 {[%mdl 4096] Endgame
KRB-KRN} 43. Rd2 Rb8 44. Nxa5 c5 45. Kf2 Kg7 46. Ke1 $1 Re8+ 47. Kd1 $1 Ra8 48.
Nc4 {The position is equal.} Rb8 49. Na5 Ra8 50. Nc4 Rb8 51. Na5 Ra8 {Weighted
Error Value: White=0.08/Black=0.06} 1/2-1/2

[Event "FIDE Chesscom Grand Swiss 2021"]
[Site "Riga"]
[Date "2021.11.04"]
[Round "8.27"]
[White "Praggnanandhaa R"]
[Black "Abdusattorov, Nodirbek"]
[Result "1/2-1/2"]
[WhiteElo "2618"]
[BlackElo "2646"]
[Annotator "TA"]
[PlyCount "161"]
[EventDate "2021.10.27"]
[EventType "swiss"]
[EventCountry "LAT"]
[Tiebreak "Cut1 Buchholz+Sonneborn-Berger (Swiss)"]
[SourceTitle "playchess.com"]
[Source "ChessBase"]
[SourceQuality "1"]

{[%evp 9,161,5,14,16,12,16,24,14,37,39,44,34,42,32,32,32,32,39,33,19,39,23,47,
11,11,11,18,9,19,12,21,17,29,39,34,20,31,0,10,-10,0,-9,-4,-9,0,-45,-45,-45,-45,
-45,-40,-45,-45,-45,-45,-45,-45,-73,-45,-45,-45,-45,-45,-45,-45,-45,0,-45,-45,
-57,-45,-45,-45,-45,-45,-45,-40,-40,-40,-40,-40,-40,-40,-40,-40,-40,-40,-40,
-40,-40,-40,-40,-40,-40,-40,-40,-23,-40,-40,-40,-40,-40,-40,-40,-40,-40,-40,
-40,-40,-40,-40,-40,-40,-40,-40,-40,-40,-40,-40,-40,-35,-40,-33,-25,-19,-42,
-25,-50,-14,-14,-12,-15,-11,-46,-2,-12,0,0,0,0,0,0,0,0,0,0,0,0,0,0,0,0,0,0]} 1.
d4 Nf6 2. Bf4 d5 3. Nf3 c5 4. e3 Nc6 5. Nbd2 cxd4 6. exd4 {D02: 1 d4 d5 2 Nf3
sidelines, including 2...Nf6 3 g3 and 2...Nf6 3 Bf4.} Qb6 7. Nb3 Bg4 8. h3 {
White has an edge.} Bxf3 (8... Bh5 {looks sharper.} 9. c3 e6 10. Bd3 a5 11. Rb1
Ne4) 9. Qxf3 e6 10. c3 a5 11. Rb1 a4 12. Nd2 {[#]} Qd8 $146 ({Predecessor:} 
12... Be7 13. Bd3 O-O 14. a3 h6 15. O-O Qd8 16. Rfe1 Bd6 17. g4 Bxf4 18. Qxf4
Qb8 {1-0 (50) Bluebaum,M (2672)-Gukesh,D (2563) Chess.com INT 2020}) 13. a3 Bd6
14. Bb5 O-O 15. O-O Ne8 16. Rfe1 Qf6 17. Be3 Qxf3 18. Nxf3 Nc7 19. Bd3 b5 20.
Re2 f6 21. Rd1 Na5 22. Nd2 Kf7 23. Bc2 ({But not} 23. Bxh7 $2 g6 $19) 23... h5
24. f4 Rh8 25. Nf3 Nc4 26. Bc1 h4 27. Rde1 g6 28. Rf1 Be7 29. Bd3 Rh5 30. Nh2
Ne8 31. Ng4 Ng7 32. Rfe1 Bd6 33. Ne3 Rhh8 34. Nf1 Rae8 35. Nh2 Nh5 36. Rf2 $1
Ng3 37. Nf1 Nh5 38. Nh2 Bc7 39. Ng4 Ng3 40. Ne3 f5 41. Nf1 {[%cal Be3f1,Bf1h2,
Bh2f3][%mdl 32]} Ne4 42. Rfe2 Bb6 43. Nh2 Bd8 44. Nf3 Kg7 45. Kh2 Bf6 46. Kg1
Rhg8 47. Kh2 Kf7 48. Kg1 Ke7 49. Kh2 Rb8 50. Kg1 Ncd6 51. Kh2 Nf7 52. Be3 Ke8
53. Rb1 Nfd6 54. Rbe1 Rb7 55. Bc1 Nf7 56. Be3 Bd8 57. Rb1 Nfd6 58. Rbe1 Nc4 59.
Bc1 $1 Rbg7 60. Kg1 Kd7 61. Kh2 Bf6 62. Kg1 Kc7 63. Kh2 Kc8 64. Kg1 Ncd6 65.
Kh2 Rb7 66. Be3 Bd8 67. Kg1 Nf7 68. Kh2 g5 69. fxg5 Nfxg5 70. Bf4 $1 ({Not} 70.
Nxh4 $2 Bc7+ 71. Kh1 Ng3+ 72. Kg1 {[#]} Nxh3+ $1 {[%mdl 512]} 73. gxh3 Nxe2+
74. Kf2 Nxc3 $1 $19 {[%mdl 512]}) 70... Nf7 71. Rb1 Kd7 72. Rc2 {The position
is equal.} Bf6 73. b3 axb3 74. Rxb3 Nfd6 75. Rcb2 Rgb8 76. Rb1 Kc6 77. Be5 Be7
78. Bf4 Bf6 79. Be5 Be7 80. Bf4 Bf6 81. Be5 {Weighted Error Value: White=0.05/
Black=0.04} 1/2-1/2

[Event "FIDE Chesscom Grand Swiss 2021"]
[Site "Riga"]
[Date "2021.11.04"]
[Round "8.28"]
[White "Indjic, Aleksandar"]
[Black "Bluebaum, Matthias"]
[Result "1/2-1/2"]
[WhiteElo "2612"]
[BlackElo "2640"]
[Annotator "TA"]
[PlyCount "118"]
[EventDate "2021.10.27"]
[EventType "swiss"]
[EventCountry "LAT"]
[Tiebreak "Cut1 Buchholz+Sonneborn-Berger (Swiss)"]
[SourceTitle "playchess.com"]
[Source "ChessBase"]
[SourceQuality "1"]

{[%evp 19,118,29,15,17,33,14,8,0,24,16,46,37,39,42,43,52,58,47,54,52,45,48,61,
63,54,53,82,68,59,68,100,58,57,59,60,61,60,61,72,71,63,72,83,90,81,18,135,129,
139,126,185,195,399,397,397,305,305,305,304,88,88,88,89,29,29,28,55,37,37,37,
37,37,38,45,394,381,840,714,2477,2235,29969,29970,29970,29971,29970,29971,5439,
1450,1338,1275,1155,1070,1481,1329,1040,1024,754,0,0,0,0]} 1. e4 e6 2. d4 d5 3.
e5 c5 4. c3 Nc6 5. Nf3 Bd7 6. Be2 f6 7. O-O fxe5 8. Nxe5 Nxe5 9. dxe5 Qc7 10.
c4 O-O-O 11. Nc3 {C02: French: Advance Variation.} Qxe5 12. g3 Nf6 13. Re1 {[#]
} Qf5 $146 ({Predecessor:} 13... Ne4 14. Bf4 Qd4 15. Nxe4 dxe4 16. Qb3 Qf6 17.
Qa3 e5 18. Be3 Qb6 19. Red1 Be6 20. Rxd8+ Kxd8 21. b4 Qxb4 22. Qxa7 Kc7 23. Rd1
Qb6 24. Qa8 Bd7 25. Bg5 {1-0 (25) Inkiov,V (2434)-Merenciano,A (2188) Avoine
2015}) 14. Bd3 Qh3 15. Bf1 Qf5 16. Bf4 Ne4 17. cxd5 exd5 ({Don't play} 17...
Nxc3 18. bxc3 Qxd5 19. Qe2 $16 (19. Bg2 Qxd1 20. Raxd1 Be7 $14)) 18. Qxd5 Nxc3
19. Qxf5 Bxf5 20. bxc3 Bd6 21. Bxd6 Rxd6 22. Re5 Bg6 23. Rxc5+ Kb8 24. Re1 Rd2
25. a4 Re8 26. Rce5 Rxe5 27. Rxe5 $14 {[%mdl 4096] Endgame KRB-KRB} Kc7 28. f4
Kd6 29. c4 b6 30. Rg5 Rd1 31. Kf2 Rd2+ 32. Be2 (32. Ke3 $1 $16 {[%cal Re3d2]}
Rxh2 33. Be2) 32... Ke6 (32... Ra2 $11 {remains equal.}) 33. a5 $16 Kf6 34. Ke3
Rd6 (34... Rd8 $16 35. Re5 Re8) 35. Re5 $18 Re6 $2 (35... h6 36. g4 Bc2) 36.
Rxe6+ Kxe6 37. axb6 axb6 {KB-KB} 38. Bd3 $1 {[%cal Rd3g6] aiming for Bxg6.} Bf7
39. Be4 $2 (39. Bxh7 $18 {Hoping for g4.} g6 40. g4) 39... Kf6 $16 40. Kd4 ({
Much worse is} 40. Bxh7 $6 g6 $11) 40... h5 41. f5 (41. Bf3 $16) 41... Be8 $11
42. Bc2 h4 43. g4 Kg5 $1 {[%cal Rg5g4]} 44. h3 {Black must now prevent Ke5.}
Kf4 45. Be4 Ba4 $1 46. Bg2 (46. Bd5 {is interesting.} Bc2 47. Bc6 Bd1 48. Kd3
Bb3 49. Bh1) 46... Be8 $2 {[%mdl 8192]} ({Black should play} 46... Bd1 $14) 47.
Bb7 $1 $18 Ba4 $2 (47... Kg3 48. Ke4 Kxh3) 48. Kd5 $1 {[%cal Rd5e6]} Kg3 49. g5
Kxh3 50. g6 Bc2 51. f6 gxf6 52. g7 Bh7 53. Bc8+ (53. Kc6 $142 Kg4 54. Kxb6)
53... Kg3 {[#]} 54. Bf5 $1 {[%cal Rf5h7][%mdl 512]} Bg8+ 55. Be6 $1 {[%cal
Re6g8]} Bh7 {[#]} 56. Kc6 $1 {[%cal Rc6b6]} f5 {[#]} 57. Bxf5 $1 {[%mdl 512]}
Bg8 {[#]} 58. Kxb6 $2 (58. Kd6 $1 $18) 58... Bxc4 $11 59. Bh7 h3 {Weighted
Error Value: White=0.24/Black=0.46} 1/2-1/2

[Event "FIDE Chesscom Grand Swiss 2021"]
[Site "Riga"]
[Date "2021.11.04"]
[Round "8.29"]
[White "Chigaev, Maksim"]
[Black "Sadhwani, Raunak"]
[Result "1/2-1/2"]
[WhiteElo "2639"]
[BlackElo "2609"]
[Annotator "TA"]
[PlyCount "84"]
[EventDate "2021.10.27"]
[EventType "swiss"]
[EventCountry "LAT"]
[Tiebreak "Cut1 Buchholz+Sonneborn-Berger (Swiss)"]
[SourceTitle "playchess.com"]
[Source "ChessBase"]
[SourceQuality "1"]

{[%evp 9,84,21,25,19,20,25,36,35,35,4,12,17,12,19,39,5,21,0,0,-51,-46,-46,-37,
-70,-86,-79,-25,-27,-12,-12,-13,-20,-15,-25,-15,-15,-13,-52,0,-29,-63,-67,-43,
-44,-37,-78,-78,-161,-161,-172,21,20,33,0,0,0,0,-49,-19,-25,-17,-31,-42,-45,
-39,-118,116,116,120,124,92,0,70,0,0,0,0]} 1. e4 e5 2. Nf3 Nc6 3. Bb5 Nf6 4. d3
Bc5 5. c3 O-O 6. O-O {C65: Ruy Lopez: Berlin Defence (3...Nf6), unusual lines
and 4 0-0 Bc5.} d5 7. exd5 Qxd5 8. Bc4 {White is slightly better.} Qd8 9. b4
Be7 10. Nbd2 a6 11. a4 Bf5 12. Qc2 Nd5 13. Ne4 Bg4 {[#]} 14. a5 $146 (14. Ne1
$11) ({Predecessor:} 14. Qd1 Kh8 15. Qb3 Nf4 16. Bxf4 Bxf3 17. Be3 Be2 18. Rfe1
Bxd3 19. Bxd3 Qxd3 20. Nc5 Qg6 21. Nxb7 {1/2-1/2 (21) Svidler,P (2745)-Eljanov,
P (2741) Germany 2016}) 14... Bxf3 $15 15. gxf3 Qd7 16. Bd2 Rad8 17. Qb3 Nf4 ({
Black should play} 17... Kh8 $17) 18. Bxf4 $11 exf4 19. d4 Qh3 {Hoping for ...
Rxd4!} 20. Rfe1 Qxf3 $40 {[%mdl 128] Black has some attack.} 21. Qd1 Qh3 22.
Bf1 Qh4 23. Bg2 g5 ({Better is} 23... Rfe8 $15) 24. b5 axb5 25. a6 g4 26. axb7
f3 27. Ng3 Bd6 28. Bxf3 (28. Bf1 $17) 28... gxf3 $19 29. Qxf3 Bxg3 $2 (29...
Ne7 $19 30. Re4 Qh6) 30. hxg3 $11 Qh6 31. d5 Nb8 32. Re7 c6 33. Rc7 {[%cal
Rd5c6]} cxd5 34. Re1 Qg6 35. Re5 Na6 36. Rce7 b4 {[#] And now ...b3 would win.}
37. Qf4 (37. Rxd5 $15 Rxd5 38. Qxd5) 37... bxc3 $2 (37... h6 $17 38. cxb4 d4)
38. Rg5 $16 d4 {aiming for ...d3.} 39. Rxg6+ hxg6 40. Re4 (40. Qf6 $16 c2 41.
Re1) 40... Rfe8 {[#]} (40... c2 $11 41. Qh6 d3) 41. Rxe8+ (41. Qf6 $1 $14 Rxe4
42. Qxd8+ Kh7 43. Qc8) 41... Rxe8 $11 42. Qxd4 Re1+ {Weighted Error Value:
White=0.23/Black=0.28} 1/2-1/2

[Event "FIDE Chesscom Grand Swiss 2021"]
[Site "Riga"]
[Date "2021.11.04"]
[Round "8.30"]
[White "Jobava, Baadur"]
[Black "Erigaisi Arjun"]
[Result "1/2-1/2"]
[WhiteElo "2582"]
[BlackElo "2634"]
[Annotator "TA"]
[PlyCount "66"]
[EventDate "2021.10.27"]
[EventType "swiss"]
[EventCountry "LAT"]
[Tiebreak "Cut1 Buchholz+Sonneborn-Berger (Swiss)"]
[SourceTitle "playchess.com"]
[Source "ChessBase"]
[SourceQuality "1"]

{[%evp 9,66,17,31,2,30,1,5,-24,-26,-19,-14,-6,-8,-17,-7,-96,-50,-102,-102,-63,
-109,-133,-50,-58,-61,-57,-52,-58,-64,-43,-61,-55,0,0,0,0,0,0,0,0,0,0,0,0,0,0,
0,0,0,0,0,0,0,0,0,0,0,0,0]} 1. c4 e6 2. Nc3 d5 3. d4 Bb4 4. cxd5 exd5 5. Bf4 c5
6. e3 {D31: Queen's Gambit Declined: Semi-Slav without ...Nf6 (+ Marshall
Gambit and Noteboom) and Exchange Variation lines without ...Nf6.} Nf6 {[#]} 7.
Nge2 $146 ({Predecessor:} 7. Bd3 Nc6 8. Nge2 c4 9. Bc2 O-O 10. Bg5 h6 11. Bh4
Be7 12. O-O Nd7 13. Bg3 Nf6 {1-0 (38) Nakamura,H (2754)-Dubov,D (2700) Paris
2019}) 7... O-O 8. Rc1 Nc6 9. dxc5 Bxc5 10. Nxd5 Nxd5 11. Rxc5 Be6 12. g3 (12.
e4 $11 {remains equal.} Nxf4 13. Nxf4) 12... g5 13. Bxg5 Qxg5 $17 14. Bg2 Rad8
{[#] Strongly threatening ...b6.} 15. Nf4 {[%cal Rg2d5]} Nce7 (15... Ncb4 $17 {
Hoping for ...Qe7.} 16. Bxd5 Nxd5) 16. e4 $15 Qe5 {...Nc3! is the strong
threat.} 17. O-O $1 {[#]} Nc3 {[%mdl 64] Double Attack, Discovered Attack} 18.
Rxe5 Nxd1 19. Nxe6 fxe6 20. Bh3 Nxb2 (20... Rf6 $15) 21. Rb5 $11 {The position
is equal.} Rd2 22. Bxe6+ Kh8 23. Rxb7 Nc6 24. Bf5 Nd4 25. Rxh7+ Kg8 26. Rxa7
Nd1 27. g4 Rb8 28. g5 Rbb2 {[%cal Rd1f2]} 29. Ra8+ Kg7 30. Ra7+ Kg8 {[%cal
Rd1f2]} 31. Ra8+ Kg7 32. Ra7+ Kg8 {[%cal Rd1f2]} 33. Ra8+ Kg7 {Weighted Error
Value: White=0.12/Black=0.10} 1/2-1/2

[Event "FIDE Chesscom Grand Swiss 2021"]
[Site "Riga"]
[Date "2021.11.04"]
[Round "8.31"]
[White "Kuybokarov, Temur"]
[Black "Ponomariov, Ruslan"]
[Result "1/2-1/2"]
[WhiteElo "2549"]
[BlackElo "2631"]
[Annotator "TA"]
[PlyCount "111"]
[EventDate "2021.10.27"]
[EventType "swiss"]
[EventCountry "LAT"]
[Tiebreak "Cut1 Buchholz+Sonneborn-Berger (Swiss)"]
[SourceTitle "playchess.com"]
[Source "ChessBase"]
[SourceQuality "1"]

{[%evp 13,111,-1,15,8,18,11,11,6,10,10,8,-21,29,27,29,29,29,29,29,29,33,33,39,
38,40,32,35,32,29,23,35,37,46,46,39,25,27,2,2,2,8,8,8,0,18,22,33,0,19,17,13,0,
23,31,31,9,22,24,31,14,18,22,19,7,6,-6,0,0,0,0,0,0,0,0,0,0,0,0,0,0,0,0,0,0,0,0,
0,0,0,0,0,0,0,0,0,0,0,0,0,0]} 1. e4 e5 2. Nf3 Nc6 3. Bb5 a6 4. Ba4 Nf6 5. O-O
Be7 6. Bxc6 dxc6 7. Qe1 c5 8. d3 {C85: Closed Ruy Lopez: Deferred Exchange
Variation.} Qd6 9. Nbd2 b5 {[#]} 10. a4 $146 {next axb5 is good for White.} ({
Predecessor:} 10. Nb3 Be6 11. Be3 Nd7 12. Nfd2 g5 13. a4 c6 14. f3 O-O 15. Qf2
Rfc8 16. Rfd1 {0-1 (39) Klaman,K-Pogrebissky,I Tbilisi 1949}) 10... c6 11. Nb3
Be6 12. Na5 Nd7 (12... O-O {with more complications.} 13. Be3 Qc7 14. Ng5 Bd7
15. Nb3 c4) 13. Ng5 Bxg5 14. Bxg5 O-O 15. Be3 Qc7 16. Nb3 c4 17. Nc5 Nxc5 18.
Bxc5 Rfd8 19. Qe3 {Threatens to win with Bb6.} Rd7 20. d4 {Hoping for dxe5.}
exd4 21. Bxd4 Qd6 22. c3 f5 23. f3 Rc8 24. Bc5 Qd2 25. Rf2 (25. Rfe1 {is
interesting.} Qxe3+ 26. Rxe3 fxe4 27. Rxe4 Bf7 28. axb5 axb5 29. Bd4) 25...
Qxe3 26. Bxe3 Re8 27. axb5 axb5 28. Bc5 Rdd8 29. h3 Ra8 30. Re1 Rad8 31. Rfe2
fxe4 32. fxe4 Kf7 33. Ra1 Ra8 34. Rf1+ Kg6 35. Rd2 Red8 36. Bd6 Rd7 {The
position is equal.} 37. Rfd1 Re8 38. Kf2 Bd5 39. e5 Kf5 40. Ra1 Rf7 41. Ke3 Ke6
42. Kd4 h5 43. Kc5 h4 44. Ra6 Rc8 45. Ra1 Rh8 46. Rg1 Rh5 47. Rd4 Rf2 48. g3
hxg3 49. Rxg3 g5 50. Rd1 Rf3 51. Rdg1 Rxg3 52. Rxg3 Kd7 53. Rg1 Ke6 54. Rg3 Kd7
55. Rg1 Ke6 56. Rg3 {Weighted Error Value: White=0.04/Black=0.04} 1/2-1/2

[Event "FIDE Chesscom Grand Swiss 2021"]
[Site "Riga"]
[Date "2021.11.04"]
[Round "8.32"]
[White "Keymer, Vincent"]
[Black "Ivic, Velimir"]
[Result "1-0"]
[WhiteElo "2630"]
[BlackElo "2606"]
[Annotator "TA"]
[PlyCount "101"]
[EventDate "2021.10.27"]
[EventType "swiss"]
[EventCountry "LAT"]
[Tiebreak "Cut1 Buchholz+Sonneborn-Berger (Swiss)"]
[SourceTitle "playchess.com"]
[Source "ChessBase"]
[SourceQuality "1"]

{[%evp 12,101,14,17,17,8,18,13,17,13,10,17,16,14,13,15,13,16,17,0,0,0,24,0,0,0,
0,0,40,40,36,39,32,33,39,0,15,17,17,23,18,0,0,4,23,25,15,17,59,60,97,39,54,58,
106,82,205,196,201,193,298,283,332,328,314,231,510,358,347,319,312,305,381,411,
410,410,760,712,1417,1410,1388,1364,1341,1328,1231,1192,4802,4570,4132,1041,
5114,4780]} 1. Nf3 d5 2. d4 Nf6 3. c4 e6 4. Nc3 Bb4 5. cxd5 exd5 6. Bg5 h6 7.
Bh4 O-O {D38: Queen's Gambit Declined: Ragozin Defence (4 Nf3 Bb4).} 8. e3 Bf5
9. Qb3 Bxc3+ {The position is equal.} 10. bxc3 Nbd7 11. Be2 c5 12. dxc5 Nxc5
13. Qb4 Rc8 14. O-O Re8 15. Rad1 $5 {[%mdl 4] Exploring less charted territory.
} g5 {[#] And now ...a5 would win.} 16. Bg3 {[#]} Qe7 $146 ({Predecessor:} 
16... a5 17. Qa3 Qb6 18. c4 dxc4 19. Rd6 Rc6 20. Rxc6 bxc6 21. Bxc4 Nce4 22.
Ne5 Be6 {0-1 (47) Giri,A (2763)-Maghsoodloo,P (2676) Chess.com INT 2020}) 17.
c4 Nce4 18. Qxe7 Rxe7 19. cxd5 Nxg3 (19... Rd7 {with more complications.} 20.
Nd4 Rxd5 21. Rc1 Nc3 22. Bf3 Be4) 20. hxg3 Rd7 21. d6 Rcd8 22. Nd4 Bg6 23. Bd3
(23. g4 {seems wilder.} Rxd6 24. a4 a6 25. a5 R6d7 26. Rc1) 23... Bxd3 24. Rxd3
{Black must now prevent Nf5.} Rxd6 25. Ra3 a6 26. Nf5 Rd3 27. Nxh6+ Kf8 28.
Rxd3 Rxd3 $11 {[%mdl 4096] Endgame KRN-KRN} 29. Rc1 Nd5 30. Rc8+ Ke7 31. Nf5+ (
31. e4 $16 Nb4 32. Rc7+ Rd7 33. Rxd7+ Kxd7 34. a3 (34. Nxf7 Nxa2 35. Kf1 Nc3
$14)) 31... Kd7 32. Rf8 $1 Rd1+ 33. Kh2 Rd2 {Loses the game.} (33... Ke6 $16 {
was necessary.}) 34. e4 $18 (34. Rxf7+ Ke6 $14) 34... Nc3 35. Rxf7+ Kc6 (35...
Ke8 {might work better.} 36. Rc7 (36. Rxb7 Rxf2 37. Nd6+ Kf8 $16) 36... Nxa2
37. Ng7+ (37. Rxb7 Rxf2 38. g4 Kd8 $18) 37... Kd8 38. Ne6+ (38. Rxb7 Rxf2 39.
Ne6+ Kc8 $16) 38... Ke8) 36. e5 Rxa2 37. e6 Nd5 38. Rf8 a5 $2 (38... Kc5 {
is a better defense.} 39. e7 Nxe7) 39. e7 (39. Rc8+ Kb6 $18) 39... Nxe7 40.
Nxe7+ {KRN-KR} Kd7 41. Nd5 b5 42. Nc3 Rb2 43. Ra8 a4 {[#]} (43... b4 $142) 44.
Nxb5 $1 {White is clearly winning.} Rxb5 (44... Rxf2 45. Rxa4) 45. Rxa4 {KR-KR}
Ke6 46. f3 Kf5 47. Kh3 Rc5 48. Ra6 g4+ 49. Kh4 ({Not} 49. fxg4+ Kg5 $18) 49...
Rc4 50. Ra5+ Kf6 51. f4 {Weighted Error Value: White=0.09/Black=0.27} 1-0

[Event "FIDE Chesscom Grand Swiss 2021"]
[Site "Riga"]
[Date "2021.11.04"]
[Round "8.33"]
[White "Sindarov, Javokhir"]
[Black "Svidler, Peter"]
[Result "1/2-1/2"]
[WhiteElo "2587"]
[BlackElo "2694"]
[Annotator "TA"]
[PlyCount "68"]
[EventDate "2021.10.27"]
[EventType "swiss"]
[EventCountry "LAT"]
[Tiebreak "Cut1 Buchholz+Sonneborn-Berger (Swiss)"]
[SourceTitle "playchess.com"]
[Source "ChessBase"]
[SourceQuality "1"]

{[%evp 10,68,25,0,18,10,20,8,20,13,6,8,18,8,22,8,56,37,43,49,41,37,36,34,39,28,
25,30,43,29,46,0,0,0,0,0,0,0,0,0,0,0,0,0,0,0,0,0,0,0,0,0,0,-12,0,-24,-20,-14,
-11,-8,-6]} 1. e4 c5 2. Nc3 d6 3. Nge2 Nf6 4. d4 cxd4 5. Nxd4 a6 6. a3 Nc6 {
B90: Sicilian Najdorf: Unusual White 6th moves, 6 Be3 Ng4 and 6 Be3 e5.} 7. Bc4
Bd7 8. O-O g6 {[#]} 9. Nf3 $146 ({Predecessor:} 9. Bb3 Bg7 10. Nde2 Bg4 11. f3
Be6 12. Nd5 Bxd5 13. exd5 Na5 14. Ba2 b5 15. c3 {1-0 (39) Oldach,E (2020)
-Skibbe,P (1565) Rostock 2011}) 9... Bg7 10. h3 O-O 11. Re1 Rc8 12. Ba2 Be6 13.
Bxe6 fxe6 14. Ng5 Qd7 15. e5 Nxe5 16. f4 Nf7 {[%cal Be5f7,Bf7h6,Bh6f5][%mdl 32]
[#] aiming for ...Nxg5.} 17. Nxe6 Rfe8 18. Nxg7 Kxg7 19. Be3 h5 20. Qd2 Nh6 $1
21. Rad1 Nf5 22. Bf2 Qc6 23. Re6 Qc4 24. Rde1 b5 25. Qd1 {Strongly threatening
g4.} Kf8 26. Qf3 Qc6 {With the idea ...Qxf3.} 27. Qd3 Qc4 28. Qf3 Qc6 {
Threatening ...Qxf3.} 29. Qd3 Qc4 30. g3 a5 31. Nxb5 Qxc2 32. Qxc2 Rxc2 33.
R6e2 Rec8 34. Kg2 d5 {Weighted Error Value: White=0.04/Black=0.05} 1/2-1/2

[Event "FIDE Chesscom Grand Swiss 2021"]
[Site "Riga"]
[Date "2021.11.04"]
[Round "8.34"]
[White "Matlakov, Maxim"]
[Black "Ganguly, Surya Shekhar"]
[Result "1/2-1/2"]
[WhiteElo "2682"]
[BlackElo "2617"]
[Annotator "TA"]
[PlyCount "148"]
[EventDate "2021.10.27"]
[EventType "swiss"]
[EventCountry "LAT"]
[Tiebreak "Cut1 Buchholz+Sonneborn-Berger (Swiss)"]
[SourceTitle "playchess.com"]
[Source "ChessBase"]
[SourceQuality "1"]

{[%evp 12,148,12,10,12,6,3,8,15,7,23,12,13,4,9,13,14,7,4,-3,0,-19,7,-30,18,18,
16,4,37,-31,-29,-41,-29,-60,-52,-56,-47,-58,-52,-51,-60,-72,-62,-80,-75,-98,
-77,-75,-75,-74,-80,-102,-91,-94,-102,-94,-100,-118,-69,-73,-40,-40,-40,-40,
-40,-40,-40,-40,-40,-40,-40,-40,-8,-8,0,-40,0,-40,-40,-40,-40,-40,-40,-40,-40,
-40,-40,-40,0,0,0,-60,-60,-60,-60,-60,-60,-60,-60,-60,-60,-60,-60,-60,-11,-11,
-11,-29,-29,-29,-29,-30,-30,-60,-60,-60,0,0,0,0,0,-8,0,-8,-8,-8,-8,-8,-8,-30,
-14,-55,0,-8,-8,-8,0,0,8]} 1. Nf3 d5 2. g3 Nf6 3. Bg2 e6 4. O-O Be7 5. c4 O-O
6. b3 d4 7. e3 $1 {7.e3 scores better than 7.Bb2.} c5 {A14: English Opening: 1.
..e6 with b3 by White.} 8. Ne5 Nfd7 9. exd4 cxd4 10. Nxd7 Qxd7 11. Ba3 {[#]} a5
$146 ({Predecessor:} 11... Na6 12. Bxe7 Qxe7 13. d3 Nc5 14. Nd2 e5 15. Ne4 Ne6
16. Qe2 f6 17. f4 exf4 18. gxf4 {1/2-1/2 (37) Grandelius,N (2673)-Ganguly,S 
(2636) Wijk aan Zee 2020}) 12. d3 Na6 13. Bxe7 Qxe7 14. Nd2 Rd8 15. a3 Rb8 16.
Nf3 f6 17. Qd2 b5 18. Qxa5 Nc5 19. Rab1 ({But not} 19. cxb5 Nxb3 20. Qa4 Nxa1
$17) 19... Nxd3 20. Rbd1 (20. cxb5 $14 e5 21. a4) 20... bxc4 $15 21. bxc4 Rb3
22. c5 Bb7 $1 ({Don't go for} 22... Nxc5 $2 23. Nxd4 Rxd4 24. Rxd4 $18) 23. c6
$1 {[%cal Rc6b7]} Bxc6 ({Inferior is} 23... Rxa3 24. Qb6 $18) 24. Nxd4 $1 Rxd4
25. Bxc6 Rxa3 26. Qh5 Rc3 27. Bb5 Ne5 28. Be2 {[#]} g6 $1 29. Qh6 {[#]} Nf7 $1
30. Qh3 e5 31. Qg2 Rxd1 32. Rxd1 e4 33. Qf1 Qc5 34. Qe1 Ne5 35. Qd2 Kg7 (35...
Nd3 $5 36. Bxd3 Rxd3 $17) 36. Qd8 Rc1 37. Rxc1 Qxc1+ 38. Kg2 Qc5 39. h4 h5 40.
Qa8 Qc6 41. Qa7+ Nf7 (41... Qd7 $5 {[%cal Rd7a7]} 42. Qe3 f5 $15) 42. Qd4 Ne5
43. Qa7+ Kf8 44. Qb8+ (44. Qh7 {with more complications.} Qd5 45. Qh8+ Ke7 46.
Qg7+ Qf7 47. Qh8) 44... Kf7 45. Bb5 Qd5 46. Qc7+ Kf8 {And now ...e3+ would win.
} 47. Qb8+ Kg7 {aiming for ...e3+.} 48. Qa7+ Qf7 49. Qa8 e3 50. fxe3 Ng4 51.
Be2 ({Better is} 51. e4 $1 $11) 51... Nxe3+ 52. Kf2 Qe7 {Threatens to win with
...Nf5.} (52... Nf5 {looks sharper.} 53. Bd3 Nd6 54. Qf3 Qa2+ 55. Qe2 Qa7+) 53.
Qf3 Nf5 {Hoping for ...Nd4.} 54. Qf4 Qc5+ 55. Kg2 Qc2 56. Kf2 Kh7 57. Qc4 Qb2
58. Qf7+ Ng7 59. Kf1 Qc3 60. Kf2 Qd4+ 61. Kg2 Qd8 62. Bc4 Kh6 63. Qg8 Qd2+ (
63... Qxg8 $15 64. Bxg8 Ne8) 64. Kf1 $11 {[%cal Rg8h8]} Qd1+ 65. Kg2 {[%cal
Rg8h8]} Qc2+ 66. Kg1 {[%cal Rg8h8]} g5 {White must now prevent ...Qd1+.} (66...
Qb1+ {seems wilder.} 67. Kh2 g5 68. hxg5+ fxg5 69. Qd5 h4) 67. hxg5+ fxg5 68.
Qd5 Qc1+ 69. Kg2 {Threatening mate with Qc6+.} Qb2+ 70. Kg1 (70. Kh1 {keeps
more tension.} Qb1+ 71. Kh2 h4 72. gxh4 Qc2+ 73. Kh3) 70... Qf6 71. Kg2 Qb2+ (
71... Nf5 $5 {[%cal Rf5e3]} 72. Qf3 g4 73. Qf4+ Kg6 $17) 72. Kg1 {The position
is equal.} Qb6+ 73. Kg2 Qf6 74. Qe4 h4 {Weighted Error Value: White=0.08/
Black=0.08} 1/2-1/2